[Event "18th Neckar Open 2014"]
[Site "Deizisau GER"]
[Date "2014.04.20"]
[Round "6.6"]
[White "Nikolov, Momchil"]
[Black "Ivanisevic, Ivan"]
[Result "0-1"]
[WhiteTitle "GM"]
[BlackTitle "GM"]
[WhiteElo "2515"]
[BlackElo "2624"]
[WhiteFideId "2905710"]
[BlackFideId "912417"]
[EventDate "2014.04.17"]

1. d4 Nf6 2. c4 e6 3. Nc3 Bb4 4. Qc2 Nc6 5. Nf3 d6 6. Bd2 O-O 7. a3 Bxc3 8. Bxc3
a5 9. e4 e5 10. d5 Ne7 11. Be2 Ng6 12. g3 Bh3 13. Ng5 Bg4 14. Nf3 Qe8 15. h3 Bd7
16. Nd2 h6 17. Nf1 c6 18. a4 cxd5 19. cxd5 Qc8 20. h4 Ne7 21. Ne3 Ng4 22. Bxg4
Bxg4 23. f4 h5 24. f5 Qc5 25. Nxg4 hxg4 26. Qe2 Rfc8 27. h5 Kf8 28. Qxg4 Ng8 29.
Qf3 Nf6 30. Kd2 b5 31. axb5 Qxb5 32. Rhe1 a4 33. g4 a3 34. Rxa3 Rxa3 35. bxa3
Qb3 36. g5 Qa2+ 37. Kd1 Qxa3 38. Re3 Qb3+ 39. Ke2 Qa2+ 40. Kf1 Qb1+ 41. Be1 Nh7
42. f6 Qb5+ 43. Kg1 Rc1 44. fxg7+ Kxg7 45. Qg3 Qb6 46. Kg2 Rc2+ 47. Bf2 Qd8 48.
g6 Ng5 49. gxf7 Qf6 50. Kf1 Kxf7 51. Kg2 Kg7 52. Kf1 Kh6 53. Re2 Rc1+ 54. Kg2
Kxh5 55. Re1 Rxe1 56. Bxe1 Nxe4 57. Qf3+ Qxf3+ 58. Kxf3 Ng5+ 59. Ke3 Kg6 60. Bb4
Nf7 61. Ke4 Kf6 62. Ba3 Ng5+ 63. Ke3 Ke7 64. Bb4 Nh7 65. Kd3 Nf6 66. Kc4 Kd7 67.
Ba3 Kc7 68. Bb4 Nd7 69. Kd3 Nf6 70. Kc4 Kd7 71. Ba3 Ne8 72. Bb4 Ke7 73. Kd3 Nc7
74. Ke4 Na6 75. Ba3 Nb8 76. Bb4 Nd7 77. Kd3 Nf6 78. Kc4 Kd7 79. Ba3 Ng4 80. Kd3
Nf2+ 81. Kc4 Ke7 82. Bb4 Ng4 83. Kd3 Nh6 84. Ba3 Nf7 85. Bb4 Ng5 86. Ba3 Nh3 87.
Bb4 Nf4+ 88. Ke4 Ng6 89. Ba3 Nf8 90. Kd3 Nd7 91. Bb4 Nb6 92. Ke4 Na4 93. Ba3
Nc3+ 0-1

[Event "18th Neckar Open 2014"]
[Site "Deizisau GER"]
[Date "2014.04.20"]
[Round "6.7"]
[White "Cawdery, Daniel"]
[Black "Naiditsch, Arkadij"]
[Result "0-1"]
[WhiteTitle "FM"]
[BlackTitle "GM"]
[WhiteElo "2395"]
[BlackElo "2706"]
[WhiteFideId "14300249"]
[BlackFideId "4650891"]
[EventDate "2014.04.17"]

1. e4 c5 2. Nf3 Nc6 3. d4 cxd4 4. Nxd4 e5 5. Nb5 d6 6. N1c3 a6 7. Na3 b5 8. Nd5
Nge7 9. c4 Nxd5 10. cxd5 Nd4 11. Be3 g6 12. Bd3 Bg7 13. O-O O-O 14. Nc2 Nxc2 15.
Qxc2 Bd7 16. Rac1 Rc8 17. Qd2 f5 18. f3 f4 19. Bf2 Bf6 20. Rxc8 Qxc8 21. Rc1 Qb8
22. Qa5 Rc8 23. Rc3 Rxc3 24. bxc3 Qc8 25. Bb6 g5 26. Bc7 Be7 27. Qb6 Kf7 28. Qb8
Qxb8 29. Bxb8 h5 30. h3 Ke8 31. c4 Kd8 32. cxb5 axb5 33. Kf1 Kc8 34. Ba7 Bd8 35.
Ke2 Ba5 36. Bf2 Bb4 37. Kd1 Bc5 38. Be1 b4 39. Be2 Ba4+ 40. Kc1 Kc7 41. h4 gxh4
42. Bxh4 Be3+ 43. Kb2 Bd4+ 44. Kb1 Bc3 45. Kc1 Kb6 46. Be7 Kc5 47. Bd8 b3 48.
axb3 Bxb3 49. Kb1 Ba4 50. Kc1 Be1 51. Kb2 Bb4 52. Bh4 Bd2 53. Bd8 Be1 54. Bc7
Bb4 55. Bd8 Kd4 56. Bb6+ Bc5 57. Bxc5+ dxc5 58. Ka3 Bd7 59. Bd1 c4 60. Ba4 Bc8
61. d6 c3 62. d7 Bxd7 63. Bxd7 Ke3 64. Ba4 Kf2 0-1

[Event "18th Neckar Open 2014"]
[Site "Deizisau GER"]
[Date "2014.04.20"]
[Round "6.8"]
[White "Vovk, Andrey"]
[Black "Moor, Roger"]
[Result "1-0"]
[WhiteTitle "GM"]
[BlackTitle "IM"]
[WhiteElo "2610"]
[BlackElo "2371"]
[WhiteFideId "14114470"]
[BlackFideId "1302590"]
[EventDate "2014.04.17"]

1. e4 c5 2. Nf3 Nc6 3. Bb5 e6 4. O-O Nge7 5. c3 a6 6. Ba4 b5 7. Bc2 Ng6 8. d4 d6
9. a4 Rb8 10. Na3 Be7 11. axb5 axb5 12. Qe2 cxd4 13. cxd4 Nb4 14. Bb1 d5 15. e5
O-O 16. Bd2 Qb6 17. h4 f5 18. exf6 gxf6 19. h5 Nh8 20. Bh6 Rf7 21. Qd2 Bd6 22.
Ne5 1-0

[Event "18th Neckar Open 2014"]
[Site "Deizisau GER"]
[Date "2014.04.20"]
[Round "6.9"]
[White "Bluebaum, Matthias"]
[Black "Lampert, Jonas"]
[Result "1/2-1/2"]
[WhiteTitle "IM"]
[WhiteElo "2525"]
[BlackElo "2367"]
[WhiteFideId "24651516"]
[BlackFideId "1303759"]
[EventDate "2014.04.17"]

1. d4 Nf6 2. c4 e6 3. Nf3 d5 4. Nc3 Be7 5. Bf4 O-O 6. Rc1 dxc4 7. e3 Nd5 8. Bxc4
Nxf4 9. exf4 c5 10. dxc5 Bxc5 11. O-O Nc6 12. Ne4 Bb6 13. Qxd8 Rxd8 14. Rfd1
Rxd1+ 15. Rxd1 Kf8 16. a3 Ke7 17. Bb5 f6 18. Nd6 Bc7 19. Nxc8+ Rxc8 20. g3 Bb6 1/2-1/2

[Event "18th Neckar Open 2014"]
[Site "Deizisau GER"]
[Date "2014.04.20"]
[Round "6.10"]
[White "Schlecht, Daniel"]
[Black "Heimann, Andreas"]
[Result "0-1"]
[BlackTitle "IM"]
[WhiteElo "2363"]
[BlackElo "2522"]
[WhiteFideId "4623959"]
[BlackFideId "24624632"]
[EventDate "2014.04.17"]

1. d4 Nf6 2. c4 e6 3. Nc3 Bb4 4. Qc2 d5 5. cxd5 exd5 6. Bg5 h6 7. Bh4 g5 8. Bg3
Nc6 9. e3 h5 10. Bb5 h4 11. Be5 O-O 12. Bxc6 bxc6 13. h3 Ne4 14. Ne2 Bf5 15. Qc1
f6 16. Bh2 Nxc3 17. bxc3 Bd6 18. O-O Rb8 19. Qd2 Bxh2+ 20. Kxh2 Qd6+ 21. Kg1 Qa3
22. Nc1 Rb2 23. Qd1 Qxc3 24. Nb3 Qc2 25. Qxc2 Rxc2 26. Rfc1 Rb8 27. Rxc2 Bxc2
28. Kf1 Kf7 29. Nc5 Ke7 30. a4 a5 31. Ra2 Rb1+ 32. Ke2 Bd1+ 33. Kd3 Bb3 34. Rd2
Bc4+ 35. Kc3 Rc1+ 36. Kb2 Re1 37. Nb7 Re2 38. Kc3 Rxd2 39. Kxd2 Bf1 40. Nxa5
Bxg2 41. Nb7 g4 42. a5 Bf1 43. Ke1 Ba6 44. Nc5 gxh3 0-1

[Event "18th Neckar Open 2014"]
[Site "Deizisau GER"]
[Date "2014.04.20"]
[Round "6.11"]
[White "Lutz, Bernhard"]
[Black "Poetsch, Hagen"]
[Result "0-1"]
[WhiteTitle "FM"]
[BlackTitle "IM"]
[WhiteElo "2374"]
[BlackElo "2482"]
[WhiteFideId "24628638"]
[BlackFideId "24615137"]
[EventDate "2014.04.17"]

1. d4 Nf6 2. c4 e6 3. Nf3 b6 4. g3 Bb7 5. Bg2 Bb4+ 6. Bd2 Bxd2+ 7. Qxd2 O-O 8.
O-O d6 9. Qc2 c5 10. Rd1 cxd4 11. Rxd4 Nc6 12. Rd2 Qe7 13. Nc3 Rac8 14. b3 d5
15. cxd5 Nb4 16. Qb2 Nbxd5 17. Nxd5 Nxd5 18. Ne5 Rc7 19. Nc4 b5 20. Bxd5 Bxd5
21. Ne3 Ba8 22. b4 f5 23. Qe5 Qf6 24. Qxf6 gxf6 25. Rad1 Rfc8 26. f3 Kf7 27.
Rd7+ Ke8 28. R7d6 Rc6 29. Rd7 R6c7 30. R7d4 Rc1 31. Rxc1 Rxc1+ 32. Kf2 Ra1 33.
Rd6 Rxa2 34. Rxe6+ Kf7 35. Rd6 Ra4 36. Nxf5 Rxb4 37. g4 Ra4 38. Rd7+ Ke8 39.
Rxh7 Bc6 40. h4 b4 41. Re7+ Kd8 42. h5 Bd7 43. Rxd7+ Kxd7 44. h6 Ra1 45. Nh4 Rh1
46. Kg3 Rc1 47. f4 b3 48. Nf3 b2 49. Nd2 Ke6 0-1

[Event "18th Neckar Open 2014"]
[Site "Deizisau GER"]
[Date "2014.04.20"]
[Round "6.12"]
[White "Wagner, Dennis"]
[Black "Rosner, Jonas"]
[Result "1-0"]
[WhiteTitle "IM"]
[BlackTitle "FM"]
[WhiteElo "2465"]
[BlackElo "2349"]
[WhiteFideId "24650684"]
[BlackFideId "24608513"]
[EventDate "2014.04.17"]

1. d4 d5 2. c4 e6 3. Nc3 Be7 4. Bf4 Nf6 5. Nf3 O-O 6. a3 b6 7. e3 Bb7 8. cxd5
exd5 9. Be2 Nbd7 10. O-O c5 11. dxc5 bxc5 12. Qb3 Qb6 13. Qxb6 Nxb6 14. Rfd1
Rfd8 15. Rac1 Rac8 16. h3 a6 17. Ne5 d4 18. exd4 cxd4 19. Nb1 Nfd5 20. Bg3 Rxc1
21. Rxc1 Bd6 22. Nc6 Bxc6 23. Rxc6 Bxg3 24. fxg3 a5 25. Nd2 Na4 26. Nc4 Kf8 27.
Bd1 Ne7 28. Rc7 Nd5 29. Rc6 Ne7 30. Bxa4 Nxc6 31. Bxc6 d3 32. Nd2 Rb8 33. Kf2
Rxb2 34. Ke3 a4 35. Kxd3 Ra2 36. Nc4 Ke7 37. Kc3 Ke6 38. Kb4 Rc2 39. Bd5+ 1-0

[Event "18th Neckar Open 2014"]
[Site "Deizisau GER"]
[Date "2014.04.20"]
[Round "6.13"]
[White "Pijpers, Arthur"]
[Black "Skembris, Spyridon"]
[Result "0-1"]
[BlackTitle "GM"]
[WhiteElo "2359"]
[BlackElo "2451"]
[WhiteFideId "1019554"]
[BlackFideId "4200020"]
[EventDate "2014.04.17"]

1. e4 g6 2. d4 c6 3. Nc3 Bg7 4. h3 d6 5. Be3 Qb6 6. Rb1 Nd7 7. f4 e5 8. Nf3 Ne7
9. Qd2 exf4 10. Bxf4 d5 11. exd5 O-O 12. Bd3 Nxd5 13. Nxd5 cxd5 14. O-O Nf6 15.
c3 Ne4 16. Qe1 Bf5 17. g4 Bd7 18. Bxe4 Rae8 19. Bxd5 Rxe1 20. Rbxe1 Be6 21. Bxe6
fxe6 22. Ng5 e5 23. Bxe5 Rxf1+ 24. Kxf1 Qxb2 25. h4 h6 26. Ne4 Bxe5 27. dxe5
Qb5+ 28. Re2 Qxe5 29. g5 Qf4+ 30. Kg2 Qg4+ 31. Kf1 Qxh4 32. gxh6 Qxh6 33. Kg2
Kg7 34. Kg3 Qc1 35. Kf3 b6 36. Rd2 Qf1+ 37. Ke3 Qh3+ 38. Kf4 Kh6 39. Ng3 Qc8 40.
Ne4 Qh3 41. Rf2 g5+ 42. Ke5 g4 43. Kf4 Kg6 44. Ke5 g3 45. Rf6+ Kg7 46. Rf7+ Kg8
47. Rf3 Qh5+ 48. Kf4 Qh4+ 49. Ke3 g2 0-1

[Event "18th Neckar Open 2014"]
[Site "Deizisau GER"]
[Date "2014.04.20"]
[Round "6.14"]
[White "Schmitz, Thorsten"]
[Black "Farago, Ivan"]
[Result "0-1"]
[WhiteTitle "FM"]
[BlackTitle "GM"]
[WhiteElo "2339"]
[BlackElo "2452"]
[WhiteFideId "4650212"]
[BlackFideId "700134"]
[EventDate "2014.04.17"]

1. e4 c5 2. Nf3 e6 3. c3 Nf6 4. e5 Nd5 5. d4 cxd4 6. cxd4 d6 7. Nc3 Nxc3 8. bxc3
Qc7 9. Bd2 Nd7 10. exd6 Bxd6 11. Bd3 O-O 12. O-O b6 13. h3 Bb7 14. Rc1 Bf4 15.
Bxf4 Qxf4 16. Qd2 Qxd2 17. Nxd2 Rac8 18. Rc2 Rc7 19. Re1 Nf6 20. c4 Rd8 21. Nb3
Bc6 22. Bf1 Ba4 23. Rd2 Rcd7 24. Red1 Ne4 25. Rd3 Kf8 26. g4 Ke7 27. Kg2 b5 28.
cxb5 Bxb5 29. Re3 Bc6 30. d5 Nf6 31. dxc6 Rxd1 32. Ba6 Nd5 33. Re4 Nc7 34. Bb7
R1d5 35. Ra4 a6 36. Na5 Rd4 37. Ra3 Rf4 38. Nb3 Rc4 39. Ra5 Rd5 40. Ra3 Kd6 41.
Bc8 Rc3 42. Bd7 Rd4 43. Ra5 Rf4 44. Nd2 h6 45. f3 Ke7 46. Kg3 Rd4 47. Nf1 Rd1 0-1

[Event "18th Neckar Open 2014"]
[Site "Deizisau GER"]
[Date "2014.04.20"]
[Round "7.1"]
[White "Laznicka, Viktor"]
[Black "Brunello, Sabino"]
[Result "1-0"]
[WhiteTitle "GM"]
[BlackTitle "GM"]
[WhiteElo "2673"]
[BlackElo "2575"]
[WhiteFideId "316385"]
[BlackFideId "813613"]
[EventDate "2014.04.17"]

1. e4 e5 2. Nf3 Nc6 3. Bb5 a6 4. Ba4 Nf6 5. d3 b5 6. Bb3 Be7 7. Nc3 d6 8. a3 O-O
9. Be3 Bg4 10. Nd5 Nd4 11. Bxd4 exd4 12. h3 Bxf3 13. Nxf6+ Bxf6 14. Qxf3 c5 15.
O-O g6 16. Bd5 Ra7 17. a4 b4 18. g3 Kg7 19. Qe2 a5 20. f4 Re7 21. Rf2 Qd7 22.
Qg4 h5 23. Qxd7 Rxd7 24. h4 Kh6 25. Kf1 Rc7 26. Ke2 Re8 27. Raf1 Rg8 28. Kd1 Re8
29. Kc1 Rg8 30. Kb1 Re8 31. Ka2 Rg8 32. Kb3 Re8 33. Kc4 Rh8 34. Re2 Re8 35. Rfe1
Kg7 36. b3 Rh8 37. e5 dxe5 38. fxe5 Be7 39. Rf1 Rf8 40. Re4 Bd8 41. g4 hxg4 42.
Rxg4 Re7 43. h5 Rxe5 44. hxg6 f5 45. Rg2 Rh8 46. Bf7 Be7 47. Rff2 Bh4 48. Rf4
Be7 49. Rgf2 Rh5 50. Kb5 c4+ 51. Kxc4 Bc5 52. Kb5 Be7+ 53. Ka6 Bc5 54. Kxa5 Kf6
55. Re4 Rxe4 56. dxe4 d3 57. e5+ Kxe5 58. Rg2 Rg5 59. Rxg5 d2 60. g7 d1=Q 61.
g8=Q Qd6 62. Qh8+ Ke4 63. Qh4+ f4 64. Bg6+ Kd4 65. Qf2+ Kc3 66. Qxc5+ 1-0

[Event "18th Neckar Open 2014"]
[Site "Deizisau GER"]
[Date "2014.04.20"]
[Round "7.2"]
[White "Bachmann, Axel"]
[Black "Rapport, Richard"]
[Result "0-1"]
[WhiteTitle "GM"]
[BlackTitle "GM"]
[WhiteElo "2598"]
[BlackElo "2698"]
[WhiteFideId "3700488"]
[BlackFideId "738590"]
[EventDate "2014.04.17"]

1. d4 e6 2. Nf3 f5 3. c4 Nf6 4. g3 Be7 5. Bg2 O-O 6. d5 Ne4 7. Nbd2 Nxd2 8. Bxd2
Bf6 9. Qc2 Na6 10. O-O Nc5 11. Bc3 d6 12. Nd2 Bxc3 13. Qxc3 e5 14. b4 Nd7 15. f4
e4 16. Nb3 Nf6 17. Rfd1 Bd7 18. e3 Ba4 19. Bh3 g6 20. Rd2 Bxb3 21. axb3 a6 22.
Bf1 g5 23. fxg5 Ng4 24. h4 Ne5 25. Rg2 h6 26. gxh6 Qf6 27. Rc1 Qxh6 28. Kf2 b6
29. Ra1 Qg7 30. Qd4 Kh7 31. Be2 Kh8 32. Rgg1 f4 33. g4 Nd3+ 0-1

[Event "18th Neckar Open 2014"]
[Site "Deizisau GER"]
[Date "2014.04.20"]
[Round "7.3"]
[White "Naiditsch, Arkadij"]
[Black "Wagner, Dennis"]
[Result "1/2-1/2"]
[WhiteTitle "GM"]
[BlackTitle "IM"]
[WhiteElo "2706"]
[BlackElo "2465"]
[WhiteFideId "4650891"]
[BlackFideId "24650684"]
[EventDate "2014.04.17"]

1. e4 e5 2. Nf3 Nc6 3. Bb5 a6 4. Bxc6 dxc6 5. O-O Qf6 6. d4 exd4 7. Bg5 Qd6 8.
Nxd4 Bd7 9. Nc3 Ne7 10. Be3 O-O-O 11. Qe1 f5 12. exf5 Re8 13. Rd1 Qe5 14. Bg5
Nxf5 15. Nxf5 Qxe1 16. Rfxe1 Rxe1+ 17. Rxe1 Bxf5 18. Re8+ Kd7 19. Rd8+ Ke6 20.
Ne2 c5 21. Nf4+ Kf7 22. Nd3 g6 23. Ne5+ Kg7 24. g4 Be6 25. f4 c4 26. Kg2 Rg8 27.
c3 Bd6 28. Rxg8+ 1/2-1/2

[Event "18th Neckar Open 2014"]
[Site "Deizisau GER"]
[Date "2014.04.20"]
[Round "7.4"]
[White "Skembris, Spyridon"]
[Black "Iturrizaga Bonelli, Eduardo"]
[Result "1/2-1/2"]
[WhiteTitle "GM"]
[BlackTitle "GM"]
[WhiteElo "2451"]
[BlackElo "2635"]
[WhiteFideId "4200020"]
[BlackFideId "3901211"]
[EventDate "2014.04.17"]

1. d4 Nf6 2. c4 e6 3. Nf3 b6 4. g3 Bb7 5. Bg2 c5 6. O-O cxd4 7. Qxd4 Nc6 8. Qf4
Ne7 9. Nc3 Ng6 10. Qd4 Bc5 11. Qd3 h6 12. b3 O-O 13. Bb2 Qe7 14. e4 d6 15. Qe2
Rfd8 16. Rad1 Rac8 17. Nd4 1/2-1/2

[Event "18th Neckar Open 2014"]
[Site "Deizisau GER"]
[Date "2014.04.20"]
[Round "7.5"]
[White "Ivanisevic, Ivan"]
[Black "Farago, Ivan"]
[Result "1-0"]
[WhiteTitle "GM"]
[BlackTitle "GM"]
[WhiteElo "2624"]
[BlackElo "2452"]
[WhiteFideId "912417"]
[BlackFideId "700134"]
[EventDate "2014.04.17"]

1. d4 Nf6 2. c4 e6 3. Nc3 Bb4 4. Bd2 d5 5. e3 O-O 6. Nf3 b6 7. Be2 Bb7 8. O-O
Nbd7 9. Nxd5 Nxd5 10. cxd5 Bxd2 11. dxe6 Bxe3 12. exf7+ Rxf7 13. fxe3 Kh8 14.
Rc1 c5 15. dxc5 Nxc5 16. Qxd8+ Rxd8 17. Ne5 Rxf1+ 18. Rxf1 Bd5 19. b4 Na4 20.
Rd1 Re8 21. Rxd5 Nc3 22. Bb5 Rf8 23. Nf7+ Kg8 24. Bc4 Nxd5 25. Bxd5 g6 26. Ng5+
Kh8 27. Ne6 Rc8 28. Kf2 a5 29. bxa5 bxa5 30. Kf3 1-0

[Event "18th Neckar Open 2014"]
[Site "Deizisau GER"]
[Date "2014.04.20"]
[Round "7.6"]
[White "Lubbe, Nikolas"]
[Black "Vovk, Andrey"]
[Result "0-1"]
[WhiteTitle "IM"]
[BlackTitle "GM"]
[WhiteElo "2429"]
[BlackElo "2610"]
[WhiteFideId "4694031"]
[BlackFideId "14114470"]
[EventDate "2014.04.17"]

1. d4 f5 2. Nc3 d5 3. Bf4 a6 4. e3 Nf6 5. h3 c5 6. dxc5 Qa5 7. Bxb8 Rxb8 8. Qd4
e6 9. b4 Qc7 10. a3 b6 11. cxb6 Rxb6 12. Na4 Rc6 13. Nf3 Bd6 14. c3 O-O 15. Be2
e5 16. Qd1 Qf7 17. O-O Ne4 18. Rc1 Be6 19. Nd2 f4 20. exf4 Nxd2 21. Qxd2 e4 22.
f5 Qxf5 23. Bg4 Qe5 24. Bxe6+ Qxe6 25. Rcd1 Rf5 26. c4 Rxc4 27. Nb6 Bf4 28. Qe2
Qxb6 29. Rxd5 Rxd5 30. Qxc4 Qe6 31. g3 Bg5 32. a4 Rd6 33. Qxe6+ Rxe6 34. Rb1 Bd8
35. Rd1 Be7 36. b5 axb5 37. axb5 Bc5 38. Kg2 Bb6 39. Rd2 Kf8 40. Rb2 Ke7 41. g4
g5 42. h4 h6 43. Kg3 Kd6 44. Rc2 Kd5 45. h5 Bd4 46. Rc8 Rf6 0-1

[Event "18th Neckar Open 2014"]
[Site "Deizisau GER"]
[Date "2014.04.20"]
[Round "7.7"]
[White "Kunin, Vitaly"]
[Black "Fedorovsky, Michael"]
[Result "1-0"]
[WhiteTitle "GM"]
[BlackTitle "IM"]
[WhiteElo "2554"]
[BlackElo "2427"]
[WhiteFideId "4128737"]
[BlackFideId "14105454"]
[EventDate "2014.04.17"]

1. d4 d5 2. c4 e6 3. Nc3 Nf6 4. Bg5 c5 5. cxd5 cxd4 6. Qxd4 Be7 7. Nf3 exd5 8.
e3 Nc6 9. Qa4 O-O 10. Be2 Be6 11. O-O a6 12. Nd4 Qb6 13. Qb3 Qxb3 14. Nxb3 h6
15. Bh4 g5 16. Bg3 Ne4 17. Rac1 Nxc3 18. Rxc3 Bf6 19. Rc2 d4 20. Nc5 Rac8 21.
Nxb7 dxe3 22. fxe3 Nd4 23. Rxf6 Rxc2 24. Bd3 Rd2 25. Nc5 Ne2+ 26. Bxe2 Rxe2 27.
Be5 Bd5 28. Rxh6 f6 29. Bxf6 Rxg2+ 30. Kf1 Rxh2 31. Rxh2 Rxf6+ 32. Rf2 Bc4+ 33.
Kg2 Bd5+ 34. Kg3 Rxf2 35. Kxf2 Bxa2 36. Ne4 Kf7 37. Nxg5+ Kf6 38. Nf3 Kf5 39.
Nd2 Ke5 40. b3 Kd5 41. Ke2 a5 42. Kd3 Kc5 43. Kc3 a4 44. bxa4 Be6 45. e4 Bd7 46.
Nb3+ Kd6 47. a5 Ke5 48. Kb4 Bc6 49. Nd2 Kd6 50. Nc4+ Kc7 51. e5 Bd7 52. Kc5 Bc8
53. Nd6 Bh3 54. a6 Kd7 55. Kb6 Bg2 56. Nb7 Kc8 57. e6 1-0

[Event "18th Neckar Open 2014"]
[Site "Deizisau GER"]
[Date "2014.04.20"]
[Round "7.8"]
[White "Jugelt, Tobias"]
[Black "Epishin, Vladimir"]
[Result "1/2-1/2"]
[WhiteTitle "IM"]
[BlackTitle "GM"]
[WhiteElo "2411"]
[BlackElo "2546"]
[WhiteFideId "4626150"]
[BlackFideId "4162714"]
[EventDate "2014.04.17"]

1. d4 Nf6 2. c4 b6 3. Nf3 Bb7 4. g3 Bxf3 5. exf3 e6 6. Nc3 Bb4 7. Bg2 O-O 8. f4
d5 9. O-O c6 10. f5 Bxc3 11. bxc3 exf5 12. cxd5 cxd5 13. Bg5 Nbd7 14. Bxd5 Rc8
15. Rc1 h6 16. Bxf6 Nxf6 17. Bf3 Re8 18. c4 Ne4 19. Re1 Rc7 20. Bxe4 fxe4 21.
Qd2 f5 22. a4 Qg5 23. Re2 Rec8 24. Re3 Kh7 25. Qe2 f4 26. Rec3 Re7 27. c5 f3 28.
Qc2 bxc5 29. Rxc5 Qg4 30. Rxc8 Qh3 31. Rh8+ Kxh8 32. Qc8+ Qxc8 33. Rxc8+ Kh7 34.
h4 Kg6 35. Kh2 Rd7 36. g4 Rxd4 37. Rc6+ Kf7 38. Rc7+ Kf6 39. g5+ hxg5 40. hxg5+
Kg6 41. Rxa7 Rd5 42. Kg3 Rxg5+ 43. Kf4 Rg2 44. Re7 Rxf2 45. Rxe4 Kf6 46. Kg3 Ra2 1/2-1/2

[Event "18th Neckar Open 2014"]
[Site "Deizisau GER"]
[Date "2014.04.20"]
[Round "7.9"]
[White "Heimann, Andreas"]
[Black "Studer, Noel"]
[Result "1/2-1/2"]
[WhiteTitle "IM"]
[BlackTitle "FM"]
[WhiteElo "2522"]
[BlackElo "2336"]
[WhiteFideId "24624632"]
[BlackFideId "1319620"]
[EventDate "2014.04.17"]

1. d4 Nf6 2. c4 e5 3. dxe5 Ng4 4. Nf3 Bc5 5. e3 Nc6 6. Be2 O-O 7. O-O Ngxe5 8.
Nc3 Re8 9. b3 a5 10. Bb2 d6 11. Nd5 Re6 12. Nf4 Nxf3+ 13. Bxf3 Rh6 14. Bxc6 Qh4
15. h3 bxc6 16. Qf3 Bd7 17. Rad1 Re8 18. Bd4 Bb4 19. Rc1 Ba3 20. Rcd1 Qg5 21.
Kh2 Kf8 1/2-1/2

[Event "18th Neckar Open 2014"]
[Site "Deizisau GER"]
[Date "2014.04.20"]
[Round "7.10"]
[White "Poetsch, Hagen"]
[Black "Perske, Thore"]
[Result "1-0"]
[WhiteTitle "IM"]
[WhiteElo "2482"]
[BlackElo "2170"]
[WhiteFideId "24615137"]
[BlackFideId "12902195"]
[EventDate "2014.04.17"]

1. e4 e6 2. d4 d5 3. Nc3 Nf6 4. e5 Nfd7 5. f4 c5 6. Nf3 Nc6 7. Be3 Be7 8. Qd2
O-O 9. dxc5 Bxc5 10. O-O-O Qa5 11. a3 Rb8 12. Bxc5 Nxc5 13. Qe3 Bd7 14. f5 Qb6
15. Qf4 Ne7 16. f6 Ng6 17. Qg3 Bc6 18. h4 h5 19. Qg5 Ne4 20. Nxe4 dxe4 21. g4
exf3 22. gxh5 Qc5 23. hxg6 fxg6 24. Bd3 Be8 25. fxg7 Kxg7 26. h5 Qd4 27. Rh4 Qd8
28. Qg3 g5 29. h6+ Kh8 30. Rg4 Bc6 31. Rxg5 Qd4 32. Rg7 1-0

[Event "18th Neckar Open 2014"]
[Site "Deizisau GER"]
[Date "2014.04.20"]
[Round "7.11"]
[White "Thinius, Marco"]
[Black "Piorun, Kacper"]
[Result "0-1"]
[WhiteTitle "IM"]
[BlackTitle "GM"]
[WhiteElo "2345"]
[BlackElo "2580"]
[WhiteFideId "4613112"]
[BlackFideId "1130420"]
[EventDate "2014.04.17"]

1. c4 e5 2. g3 h5 3. h4 Nc6 4. Nc3 Bc5 5. e3 d6 6. Nge2 Bg4 7. Bg2 Nge7 8. a3 a5
9. f3 Bd7 10. d4 Bb6 11. d5 Nb8 12. Rb1 a4 13. e4 O-O 14. f4 f5 15. fxe5 dxe5
16. Bg5 Qe8 17. d6 cxd6 18. Qxd6 Nc8 19. Qd5+ Rf7 20. Rf1 Bc6 21. Qd3 Na6 22.
Be3 Nc5 23. Bxc5 Bxc5 24. Bf3 Rd7 25. Nd5 Bxd5 26. cxd5 Nd6 27. Rc1 Rc8 28. Bg2
Rdc7 29. Kd1 b5 30. Rxf5 Nxf5 31. exf5 e4 32. Bxe4 Qe5 33. Nf4 Bd6 34. Rxc7 Rxc7
35. Ne6 Rc4 0-1

[Event "18th Neckar Open 2014"]
[Site "Deizisau GER"]
[Date "2014.04.20"]
[Round "7.12"]
[White "Braeuer, Franz"]
[Black "Bluebaum, Matthias"]
[Result "1-0"]
[BlackTitle "IM"]
[WhiteElo "2302"]
[BlackElo "2525"]
[WhiteFideId "24634468"]
[BlackFideId "24651516"]
[EventDate "2014.04.17"]

1. e4 e6 2. d4 d5 3. Nd2 Be7 4. e5 c5 5. Qg4 Kf8 6. Ndf3 Nc6 7. Bd3 b6 8. a3 f6
9. c3 cxd4 10. cxd4 Na5 11. Ne2 Nb3 12. Rb1 Nxc1 13. Rxc1 f5 14. Qg3 Nh6 15. h4
Nf7 16. Qh3 g6 17. Nf4 Bd7 18. Ke2 Rg8 19. g4 Rc8 20. Rcg1 Rc6 21. gxf5 gxf5 22.
Ng5 Rg7 23. Nh5 Rxg5 24. hxg5 Bxg5 25. f4 Bh6 26. Nf6 Qc7 27. Nxh7+ 1-0

[Event "18th Neckar Open 2014"]
[Site "Deizisau GER"]
[Date "2014.04.20"]
[Round "7.13"]
[White "Lampert, Jonas"]
[Black "Nikolov, Momchil"]
[Result "1/2-1/2"]
[BlackTitle "GM"]
[WhiteElo "2367"]
[BlackElo "2515"]
[WhiteFideId "1303759"]
[BlackFideId "2905710"]
[EventDate "2014.04.17"]

1. e4 e5 2. Nf3 Nc6 3. Bb5 a6 4. Ba4 Nge7 5. c3 g6 6. d4 exd4 7. cxd4 b5 8. Bc2
Bg7 9. d5 Na5 10. Bd2 c5 11. Bc3 O-O 12. O-O d6 13. h3 b4 14. Bxg7 Kxg7 15. Nbd2
Ng8 16. Re1 Nf6 17. Bd3 Bd7 18. Nc4 Bb5 19. Qc2 Nxc4 20. Bxc4 Re8 21. a3 bxa3
22. Rxa3 Bxc4 23. Qxc4 Rb8 24. e5 dxe5 25. Rxe5 Rxe5 26. Nxe5 Qd6 27. Nd3 Rb5
28. Qc3 Kg8 29. Qe5 Qxe5 30. Nxe5 Nxd5 31. Rxa6 Rxb2 32. Ra5 Nc3 33. Rxc5 Ne4
34. Rc8+ Kg7 35. f3 Nd6 36. Rc7 Rb7 1/2-1/2

[Event "18th Neckar Open 2014"]
[Site "Deizisau GER"]
[Date "2014.04.20"]
[Round "7.14"]
[White "Gutman, Lev"]
[Black "Noe, Christopher"]
[Result "1-0"]
[WhiteTitle "GM"]
[WhiteElo "2449"]
[BlackElo "2303"]
[WhiteFideId "4600177"]
[BlackFideId "24692018"]
[EventDate "2014.04.17"]

1. Nf3 Nf6 2. g3 b6 3. Bg2 Bb7 4. O-O e6 5. c4 c5 6. d4 cxd4 7. Qxd4 d6 8. Nc3
Be7 9. b3 O-O 10. Rd1 Nbd7 11. e4 Qb8 12. Ba3 Nc5 13. e5 dxe5 14. Qxe5 Qc8 15.
Qe3 Rd8 16. Rxd8+ Qxd8 17. Rd1 Ncd7 18. Bxe7 Qxe7 19. Nd4 Bxg2 20. Kxg2 Qc5 21.
Qf3 Rc8 22. Ndb5 a6 23. Nd6 Rb8 24. Nxf7 Rf8 25. Nd6 Ne5 26. Qe2 Qc6+ 27. Nce4
Rd8 28. f3 b5 29. Nf5 Qc7 30. Nh6+ Kf8 31. Nxf6 gxf6 32. f4 Rxd1 33. Qxd1 Qc6+
34. Kh3 Qd7 35. Qh5 Nd3 36. Ng4 Qg7 37. Qh4 Kf7 38. Qh5+ Kf8 39. f5 e5 40. Qh4
Kf7 41. Ne3 h6 42. Kg2 Qg5 43. Qe4 Nf4+ 44. Kf1 Nh3 45. c5 Qh5 46. c6 Ng5 47.
Qg2 Ke7 48. h4 Qf3+ 49. Qxf3 Nxf3 50. Nd5+ Kd6 51. c7 Kd7 52. Kf2 Nd4 53. g4 Kc8
54. h5 Kd7 55. Ke3 Kc8 56. Ke4 Kd7 57. Nxf6+ Kxc7 58. Kxe5 1-0